000 00697nam a2200289Ia 4500
005 20260324121742.0
008 008 260324s9999 xx 000 0 eng d
020 _a9780203515778
037 _aEBOOK
040 _aCRL
040 _beng
040 _cCRL
041 _2eng
041 _aeng
084 _qCRL
100 _aWai-Yip Ho
_91163735
245 0 _aIslam and China's Hong Kong
245 0 _bEthnic Identity, Muslim Networks and the New Silk Road
260 _bTaylor and Francis
260 _c2013
365 _a
365 _b240
856 _uhttp://www.taylorfrancis.com/books/9780203515778
942 _cEBOOK
999 _c1756031
_d1756031